000 00420nam a22001457a 4500
999 _c115580
_d115580
003 OSt
005 20190924115017.0
008 190924b ||||| |||| 00| 0 eng d
040 _cgraties
082 _a340.07 NLU
245 _aNational Consultation For Second Generation Reforms in Legal Education
300 _a225p
600 _z.emerging trends in legal education
_zLexuniverse - Sports Law
942 _2ddc
_cREP